[Event "Muensterland Verbandsklasse-B 0708"]
[Site "Germany"]
[Date "2008.05.17"]
[Round "9.8"]
[White "Bruins, Ludwig"]
[Black "Boeing, Hans Josef"]
[Result "0-1"]
[WhiteElo "1709"]
[BlackElo "1516"]
[PlyCount "64"]
[EventDate "2007.09.15"]
[EventType "team"]
[EventRounds "9"]
[EventCountry "GER"]
[SourceTitle "EXT 2009"]
[Source "ChessBase"]
[SourceDate "2008.11.26"]
[SourceVersion "1"]
[SourceVersionDate "2008.11.26"]
[SourceQuality "1"]
[WhiteTeam "Duelmen"]
[BlackTeam "Borken"]
[WhiteTeamCountry "GER"]
[BlackTeamCountry "GER"]

1. Nf3 Nc6 2. g3 b6 3. Bg2 Bb7 4. 0-0 e6 5. e4 Be7 6. d4 d5 7. e5 Qd7 8. c3 Na5 9. b4 Nc4 10. Nbd2 Ba6 11. Re1 c5 12. bxc5 bxc5 13. Nxc4 Bxc4 14. Nd2 Bb5 15. Qg4 g6 16. c4 Bc6 17. cxd5 Bxd5 18. dxc5 Bxc5 19. Ne4 Bxe4 20. Qxe4 Rc8 21. g4 Ne7 22. Bh6 Nd5 23. Rac1 Rc7 24. Red1 Qc8 25. Qa4+ Ke7 26. Bg5+ f6 27. Bxd5 fxg5 28. Bc4 Rf8 29. Rd2 Rf4 30. h3 Qb7 31. Rdc2 Qf3 32. Bf1 Bxf2+ 0-1